000 00436nam a22001577a 4500
999 _c11815
_d11815
008 210112b ||||| |||| 00| 0 eng d
020 _a0-07-881016-2
041 0 _aeng
082 0 0 _a005.7565
_bJ762
100 _93278
_aJones, Edward
245 1 0 _aParadox 4.5 made easy /
_cby Edward Jones ... [et al.]
260 _aNew Delhi :
_bOsborne McGraw-Hill,
_c1994.
300 _axx, 500 p.
650 0 _aDatabase Management
942 _cBK